| Tag |
First Indicator |
Second Indicator |
Subfields |
| LEADER |
00000cam a2200000 a 4500 |
| 001 |
in00001069863 |
| 005 |
20150929101630.0 |
| 008 |
910912s1992 caua b 000 0 eng |
| 010 |
|
|
|a 91036161
|
| 020 |
|
|
|a 0803943415 :
|c $8.50
|
| 035 |
|
|
|a (OCoLC)24502447
|
| 035 |
|
|
|9 AFP2170AM
|
| 040 |
|
|
|a DLC
|c DLC
|d TXA
|d UtOrBLW
|
| 049 |
|
|
|a TXAM
|
| 050 |
0 |
0 |
|a H61.27
|b .S66 1992
|
| 082 |
0 |
0 |
|a 300/.72
|2 20
|
| 090 |
|
|
|a HA29
|b .Q2 no.82
|
| 100 |
1 |
|
|a Spector, Paul E.
|
| 245 |
1 |
0 |
|a Summated rating scale construction :
|b an introduction /
|c Paul E. Spector.
|
| 264 |
|
1 |
|a Newbury Park, Calif. :
|b Sage Publications,
|c [1992]
|
| 264 |
|
4 |
|c ©1992
|
| 300 |
|
|
|a vi, 72 pages :
|b illustrations ;
|c 22 cm.
|
| 336 |
|
|
|a text
|b txt
|2 rdacontent
|
| 337 |
|
|
|a unmediated
|b n
|2 rdamedia
|
| 338 |
|
|
|a volume
|b nc
|2 rdacarrier
|
| 490 |
1 |
|
|a Sage university papers series. Quantitative applications in the social sciences ;
|v no.82
|
| 504 |
|
|
|a Includes bibliographical references (pages 71-72).
|
| 650 |
|
0 |
|a Scaling (Social sciences)
|
| 830 |
|
0 |
|a Quantitative applications in the social sciences ;
|v no.82.
|
| 999 |
|
|
|a MARS
|
| 999 |
f |
f |
|s f3fb9a82-865a-3a2a-985b-954a2dd4c033
|i 76be6e63-1470-303c-bbc1-c3bcc0757db0
|t 0
|
| 952 |
f |
f |
|p normal
|a Texas A&M University
|b College Station
|c Sterling C. Evans Library
|s Evans stk
|d Evans: Library Stacks
|t 0
|e HA29 .Q2 no.82
|h Library of Congress classification
|i unmediated -- volume
|m A14831285240
|
| 998 |
f |
f |
|a HA29 .Q2 no.82
|t 0
|l Evans: Library Stacks
|